[Event "Hamburg Harburg - ch 3rd Gr.H"]
[Site "Hamburg"]
[Date "2005.06.25"]
[Round "3.1"]
[White "Hackbarth, Bjoern"]
[Black "Altenburg, Nils"]
[Result "0-1"]
[WhiteElo "1560"]
[BlackElo "1507"]
[PlyCount "72"]
[EventDate "2005.06.24"]
[Source "SK Marmstorf"]
[SourceDate "2005.06.26"]

1. e4 e5 2. Nf3 Nc6 3. d4 exd4 4. Nxd4 Bc5 5. Be3 Qf6 6. c3 Bxd4 7. cxd4 Qe7 8.
Nc3 d6 9. Bd3 h6 10. O-O Nf6 11. f3 O-O 12. Rc1 Re8 13. Bb5 Bd7 14. Be2 Rad8
15. Bf2 a6 16. Bh4 g5 17. Bf2 Nh5 18. Nd5 Qf8 19. Nxc7 Re7 20. Nd5 Ree8 21. g4
Nf4 22. Nf6+ Kh8 23. Nxe8 Nxe2+ 24. Qxe2 Rxe8 25. d5 Ne5 26. Bd4 Bb5 27. Bxe5+
Rxe5 28. Qc2 Bxf1 29. Kxf1 Re7 30. Qc3+ Kg8 31. Qf6 Rd7 32. Ke2 Re7 33. Qxd6
Rxe4+ 34. fxe4 Qxd6 35. Rc8+ Kg7 36. Kd3 Qxh2 0-1

[Event "Hamburg Harburg - ch 3rd Gr.H"]
[Site "Hamburg"]
[Date "2005.06.26"]
[Round "4.1"]
[White "Altenburg, Nils"]
[Black "Mueller, Bodo"]
[Result "1/2-1/2"]
[WhiteElo "1507"]
[BlackElo "1459"]
[PlyCount "60"]
[EventDate "2005.06.24"]
[Source "SK Marmstorf"]
[SourceDate "2005.06.26"]

1. e4 e6 2. d4 d5 3. e5 c5 4. c3 Nc6 5. Bb5 Bd7 6. Nf3 Qb6 7. Bxc6 Bxc6 8. Qb3
Ne7 9. Be3 Nf5 10. dxc5 Qxb3 11. axb3 Nxe3 12. fxe3 Bxc5 13. Nd4 Bd7 14. c4 O-O
15. Nc3 Bb4 16. O-O Bxc3 17. bxc3 dxc4 18. bxc4 Rfc8 19. Rfb1 b6 20. Nb5 Bxb5
21. Rxb5 Rxc4 22. Rxb6 a5 23. Rxa5 Rac8 24. Rb3 g6 25. Kf2 Rxc3 26. Rxc3 {(=)}
26... Rxc3 27. h3 Rc2+ 28. Kf3 h5 29. Ra4 Rc1 30. Kf2 Rc2+ 1/2-1/2

[Event "Hamburg Harburg - ch 3rd Gr.H"]
[Site "Hamburg"]
[Date "2005.06.26"]
[Round "4.3"]
[White "Hackbarth, Bjoern"]
[Black "Schoknecht, Sabine"]
[Result "1/2-1/2"]
[WhiteElo "1560"]
[BlackElo "1530"]
[PlyCount "69"]
[EventDate "2005.06.24"]
[Source "SK Marmstorf"]
[SourceDate "2005.06.26"]

1. e4 e6 2. d4 g6 3. Nc3 Bg7 4. Be3 Ne7 5. Bd3 d5 6. e5 Nf5 7. Nf3 Nxe3 8. fxe3
O-O 9. O-O a6 10. e4 Nc6 11. Ne2 Bd7 12. c3 Ne7 13. exd5 Nxd5 14. Qd2 Bc6 15.
Rad1 Qd7 16. Nf4 Nxf4 17. Qxf4 f6 18. Qe3 Rf7 19. exf6 Rxf6 20. Ne5 Qd5 21.
Nxc6 Qxc6 22. Rxf6 Bxf6 23. Rf1 Bg7 24. Be4 Qb6 25. Qh3 Re8 26. b3 c6 27. Kh1
Qb5 28. Bd3 Qg5 29. Bc4 Kh8 30. g3 Qe3 31. Qg4 b5 32. Rf3 Qe1+ 33. Bf1 e5 34.
Qd7 exd4 35. cxd4 1/2-1/2

[Event "Hamburg Harburg - ch 3rd Gr.H"]
[Site "Hamburg"]
[Date "2005.06.26"]
[Round "5.1"]
[White "Schoknecht, Sabine"]
[Black "Altenburg, Nils"]
[Result "0-1"]
[WhiteElo "1530"]
[BlackElo "1507"]
[PlyCount "60"]
[EventDate "2005.06.24"]
[Source "SK Marmstorf"]
[SourceDate "2005.06.26"]

1. d4 d5 2. g3 Nf6 3. Bg2 Bf5 4. c3 Nbd7 5. Bf4 c5 6. Nf3 cxd4 7. Nxd4 Bxb1 8.
Nb5 e5 9. Bxe5 Nxe5 10. Rxb1 Qb6 11. a4 Bc5 12. e3 O-O 13. b4 Be7 14. O-O Rfd8
15. Qe2 Ne4 16. a5 Qc6 17. Rfc1 Qc4 18. Qxc4 Nxc4 19. Nc7 Ncd2 20. Rb2 Rac8 21.
Nb5 a6 22. f3 axb5 23. fxe4 Nxe4 24. Rbc2 Bg5 25. Re1 Bf6 26. Rec1 Bg5 27. Re1
Kf8 28. Bf1 Rxc3 29. Rxc3 Nxc3 30. Kg2 Be7 0-1

[Event "Hamburg Harburg - ch 3rd Gr.I"]
[Site "Hamburg"]
[Date "2005.06.24"]
[Round "1.2"]
[White "Mikat, Christian"]
[Black "Klawitter, Bernd"]
[Result "1-0"]
[WhiteElo "1458"]
[BlackElo "1435"]
[PlyCount "99"]
[EventDate "2005.06.24"]
[Source "SK Marmstorf"]
[SourceDate "2005.06.26"]

1. e4 d5 2. exd5 Qxd5 3. Nc3 Qa5 4. Bc4 Nf6 5. Nf3 Bg4 6. d3 c6 7. Bd2 Qh5 8.
a4 Nbd7 9. Qe2 Bxf3 10. Qxf3 Qxf3 11. gxf3 Ne5 12. Ke2 Nxc4 13. dxc4 e6 14. Ne4
Be7 15. Rhg1 g6 16. Bc3 Nxe4 17. Bxh8 Nxf2 18. Be5 O-O-O 19. Kxf2 Bc5+ 20. Ke2
Bxg1 21. Rxg1 a6 22. Rd1 Re8 23. a5 f6 24. Bxf6 Rf8 25. Be5 Rf5 26. f4 Rh5 27.
Rh1 Rh3 28. Bd4 Rh5 29. b4 Rh3 30. Bf2 Rc3 31. Kd2 Rxc4 32. Rd1 Rxb4 33. Ke2
Rxf4 34. Bb6 Rf8 35. Ke3 g5 36. Ke4 g4 37. Ke5 Rf5+ 38. Kxe6 Rd5 39. Rxd5 cxd5
40. Kxd5 h5 41. Bf2 Kd7 42. Ke4 Kc6 43. Kf5 Kb5 44. Be1 b6 45. axb6 Kxb6 46.
Kg5 a5 47. Kxh5 a4 48. Kxg4 Kc5 49. Bc3 a3 50. h4 1-0

[Event "Hamburg Harburg - ch 3rd Gr.I"]
[Site "Hamburg"]
[Date "2005.06.24"]
[Round "1.3"]
[White "Wittkamp, Juergen"]
[Black "Besch, Fabian"]
[Result "0-1"]
[WhiteElo "1420"]
[BlackElo "1319"]
[PlyCount "94"]
[EventDate "2005.06.24"]
[Source "SK Marmstorf"]
[SourceDate "2005.06.26"]

1. c4 e5 2. Nc3 Nf6 3. d4 exd4 4. Qxd4 Nc6 5. Qd3 Nb4 6. Qd1 Be7 7. a3 Nc6 8.
g3 b6 9. Bg2 Bb7 10. Bf4 a5 11. Nb5 Rc8 12. Nd4 Nh5 13. Nxc6 Bxc6 14. Bxc6 dxc6
15. Qa4 Qd7 16. Rd1 Qe6 17. Nf3 Bf6 18. Nd4 Bxd4 19. Rxd4 Nxf4 20. gxf4 O-O 21.
O-O Qxe2 22. Qxc6 Qxb2 23. Rd7 Qxa3 24. Rxc7 Rxc7 25. Qxc7 Qb4 26. Rd1 h6 27.
Rd5 Qb1+ 28. Kg2 a4 29. Rb5 Qg6+ 30. Kf3 a3 31. Qxb6 Qd3+ 32. Qe3 Qxc4 33. Qb3
Qxb3+ 34. Rxb3 Ra8 35. Rb1 a2 36. Ra1 f5 37. Ke3 g5 38. fxg5 hxg5 39. f3 Kf7
40. Kd2 Kf6 41. Kc2 Ke5 42. Kd3 Kf4 43. Ke2 Ra3 44. Kd2 Kxf3 45. Kc2 Kg2 46.
Kb2 Ra8 47. h4 gxh4 0-1

[Event "Hamburg Harburg - ch 3rd Gr.I"]
[Site "Hamburg"]
[Date "2005.06.25"]
[Round "2.3"]
[White "Marx, Joschka"]
[Black "Mikat, Christian"]
[Result "1-0"]
[WhiteElo "1412"]
[BlackElo "1458"]
[PlyCount "97"]
[EventDate "2005.06.24"]
[Source "SK Marmstorf"]
[SourceDate "2005.06.26"]

1. e4 e5 2. Nf3 Nc6 3. Bc4 Bc5 4. O-O d6 5. d3 Bg4 6. Be3 Bb6 7. Nbd2 Nge7 8.
Bxb6 axb6 9. c3 O-O 10. Qc2 Na5 11. Bb3 Nxb3 12. Qxb3 Be6 13. Qc2 Rxa2 14. Rxa2
Bxa2 15. b3 Qa8 16. Ra1 Bxb3 17. Nxb3 Qd8 18. h3 f5 19. Ng5 Rf6 20. Qa2 Kh8 21.
Qa8 Qxa8 22. Rxa8+ Ng8 23. exf5 Rxf5 24. Ne4 g6 25. Rc8 Rf7 26. Rb8 Kg7 27.
Rxb7 Nf6 28. Nxf6 Kxf6 29. Kf1 Ke6 30. Ke2 Kd7 31. Ke3 Kc6 32. Ra7 h5 33. f3
Kb5 34. Nd2 d5 35. g3 d4+ 36. cxd4 exd4+ 37. Ke2 Re7+ 38. Ne4 Kc6 39. Kd2 Re5
40. Ra4 Kd5 41. Rb4 Re6 42. Kc2 c5 43. Rb5 Kc6 44. Rb1 Re8 45. Ra1 Re7 46. Kb3
Rf7 47. f4 Re7 48. Ra8 c4+ 49. Kxc4 1-0

[Event "Hamburg Harburg - ch 3rd Gr.I"]
[Site "Hamburg"]
[Date "2005.06.25"]
[Round "3.2"]
[White "Wittkamp, Juergen"]
[Black "Marx, Joschka"]
[Result "1/2-1/2"]
[WhiteElo "1420"]
[BlackElo "1412"]
[PlyCount "82"]
[EventDate "2005.06.24"]
[Source "SK Marmstorf"]
[SourceDate "2005.06.26"]

1. c4 e5 2. Nc3 Nf6 3. e3 Bb4 4. Nge2 O-O 5. a3 Bxc3 6. Nxc3 Nc6 7. g3 d6 8.
Bg2 Be6 9. d3 d5 10. cxd5 Nxd5 11. e4 Nb6 12. Be3 Qd7 13. Bxb6 axb6 14. O-O
Rfd8 15. Nd5 Bxd5 16. exd5 Ne7 17. Qe2 f6 18. Rac1 Rac8 19. Rfd1 Nf5 20. Bh3
Nd4 21. Be6+ Nxe6 22. dxe6 Qxe6 23. Qe4 c6 24. f4 Qd5 25. f5 Qxe4 26. dxe4 Kf7
27. Kf2 Ke7 28. Ke3 Rxd1 29. Rxd1 Rd8 30. Rxd8 Kxd8 31. Kd3 Kd7 32. Kc4 Kd6 33.
b4 b5+ 34. Kd3 b6 35. g4 c5 36. Kc3 g6 37. h4 gxf5 38. gxf5 c4 39. Kd2 Ke7 40.
h5 Kf7 41. h6 Ke7 1/2-1/2

[Event "Hamburg Harburg - ch 3rd Gr.I"]
[Site "Hamburg"]
[Date "2005.06.25"]
[Round "3.3"]
[White "Besch, Fabian"]
[Black "Klawitter, Bernd"]
[Result "1/2-1/2"]
[WhiteElo "1319"]
[BlackElo "1435"]
[PlyCount "28"]
[EventDate "2005.06.24"]
[Source "SK Marmstorf"]
[SourceDate "2005.06.26"]

1. c4 e6 2. d4 d5 3. Nc3 c6 4. a3 dxc4 5. Bf4 Nf6 6. e3 b5 7. Nf3 Bb7 8. Be2 a6
9. O-O Nbd7 10. Qc2 Nd5 11. Bg3 Nxc3 12. Qxc3 Nf6 13. Rfd1 Ne4 14. Qc2 Nxg3
1/2-1/2

[Event "Hamburg Harburg - ch 3rd Gr.I"]
[Site "Hamburg"]
[Date "2005.06.26"]
[Round "4.2"]
[White "Marx, Joschka"]
[Black "Besch, Fabian"]
[Result "1/2-1/2"]
[WhiteElo "1412"]
[BlackElo "1319"]
[PlyCount "45"]
[EventDate "2005.06.24"]
[Source "SK Marmstorf"]
[SourceDate "2005.06.26"]

1. e4 e6 2. d4 d5 3. exd5 exd5 4. Bd3 Bd6 5. Nf3 Bg4 6. Nbd2 Nf6 7. O-O O-O 8.
c3 Re8 9. Qc2 c6 10. h3 Bh5 11. b3 Nbd7 12. Bb2 Nf8 13. Rfe1 Bg6 14. Bxg6 Nxg6
15. Rxe8+ Nxe8 16. Re1 Qd7 17. Ne5 Bxe5 18. dxe5 f6 19. Nf3 fxe5 {(=)} 20. Nxe5
Nxe5 21. Rxe5 Nf6 22. f3 Re8 23. Rxe8+ 1/2-1/2

[Event "Hamburg Harburg - ch 3rd Gr.I"]
[Site "Hamburg"]
[Date "2005.06.26"]
[Round "4.3"]
[White "Mikat, Christian"]
[Black "Wittkamp, Juergen"]
[Result "1-0"]
[WhiteElo "1458"]
[BlackElo "1420"]
[PlyCount "63"]
[EventDate "2005.06.24"]
[Source "SK Marmstorf"]
[SourceDate "2005.06.26"]

1. e4 e5 2. Nf3 d6 3. d4 exd4 4. Nxd4 c5 5. Bb5+ Bd7 6. Bxd7+ Qxd7 7. Nf3 Qg4
8. O-O Nc6 9. Nc3 O-O-O 10. Ng5 Qxd1 11. Rxd1 Ne5 12. f4 h6 13. fxe5 hxg5 14.
Bxg5 Rd7 15. Nb5 Rh5 16. Bf4 dxe5 17. Nxa7+ Kd8 18. Rxd7+ Kxd7 19. Rd1+ Ke6 20.
Bg3 Nf6 21. Re1 g6 22. Nb5 Bd6 23. Nc3 Nd7 24. Nd5 f5 25. exf5+ gxf5 26. Nf4+
Kf6 27. Nxh5+ Kg6 28. Rd1 f4 29. Nxf4+ exf4 30. Rxd6+ Kf5 31. Rxd7 fxg3 32.
hxg3 1-0

[Event "Hamburg Harburg - ch 3rd Gr.I"]
[Site "Hamburg"]
[Date "2005.06.26"]
[Round "5.3"]
[White "Klawitter, Bernd"]
[Black "Marx, Joschka"]
[Result "1/2-1/2"]
[WhiteElo "1435"]
[BlackElo "1412"]
[PlyCount "28"]
[EventDate "2005.06.24"]
[Source "SK Marmstorf"]
[SourceDate "2005.06.26"]

1. e4 c5 2. c3 d6 3. Bc4 Nc6 4. a3 Nf6 5. d3 Bd7 6. Nf3 e6 7. Bg5 Be7 8. Qc1
O-O 9. O-O Na5 10. Ba2 b5 11. Nbd2 Rc8 12. Qc2 Bc6 13. Bb1 g6 14. Bh6 Re8
1/2-1/2

[Event "Hamburg Harburg - ch 3rd Gr.J"]
[Site "Hamburg"]
[Date "2005.06.25"]
[Round "2.2"]
[White "Marx, Inga"]
[Black "Korb, Rainer"]
[Result "1-0"]
[WhiteElo "902"]
[BlackElo "1128"]
[PlyCount "145"]
[EventDate "2005.06.24"]
[Source "SK Marmstorf"]
[SourceDate "2005.06.26"]

1. e4 Nc6 2. Nf3 Nf6 3. Nc3 e5 4. Bc4 Bc5 5. d3 O-O 6. Bg5 Qe7 7. Nd5 Qd6 8.
Bxf6 Nd4 9. Bg5 f6 10. Nxf6+ Kh8 11. Nxd4 Qxd4 12. Be3 Qd6 13. Nd5 c6 14. Bxc5
Qxc5 15. Ne3 d5 16. exd5 cxd5 17. Bxd5 Qb4+ 18. Ke2 Qb6 19. Rb1 Qf6 20. Bf3 Bd7
21. Rf1 Bb5 22. Ng4 Qg5 23. Qd2 Qf5 24. Ne3 Qe6 25. Bd5 Qg6 26. Be4 Qh5+ 27.
Bf3 Qg6 28. Qb4 Ba6 29. Qe4 Qf6 30. Ng4 Qd6 31. Qxe5 Rae8 32. Qxe8 Rxe8+ 33.
Ne3 Qc5 34. Kd2 Qa5+ 35. c3 Qd8 36. Be2 b6 37. Rfe1 Rf8 38. f3 Qd6 39. h3 Qg6
40. Bf1 Rd8 41. d4 Bb7 42. Ng4 Qg5+ 43. Kd1 Bc6 44. Ne5 Bd5 45. Rc1 a5 46. Re4
Bxa2 47. c4 Bb3+ 48. Rc2 Bxc2+ 49. Kxc2 Qf5 50. Bd3 Qf6 51. Ng4 Qc6 52. Ne5
Qa4+ 53. Kc3 Rf8 54. Rh4 h6 55. Ng6+ Kg8 56. Nxf8 Qb4+ 57. Kc2 Qxf8 58. d5 Qe7
59. Rd4 Qe1 60. d6 Qf2+ 61. Kc3 Qe1+ 62. Kb3 Qb4+ 63. Kc2 Qa4+ 64. b3 Qd7 65.
Kc3 Kf7 66. Bf5 Qd8 67. d7 g6 68. Be4 g5 69. Bc6 Ke7 70. Re4+ Kd6 71. Re8 Qxd7
72. Bxd7 Kxd7 73. Rh8 1-0